| 000 | 00528nam a22001337a 4500 | ||
|---|---|---|---|
| 040 | _a1 | ||
| 082 |
_a361.77 _bAJO 2013 |
||
| 245 |
_aA Journey trough time 65 years of humanitarian action in Pakistan 1948-2013 _cICRC |
||
| 260 |
_aIslamabad _bICRC _c2013 |
||
| 300 |
_a171 _b28 cm |
||
| 650 | _atime line 1948 to 2013, 2005 Kashmir earthquake and ICRC response | ||
| 650 | _aZiarat ( Balochistan ) earthquake and ICRC response, Malakand Crisis 2008-11, IDP Crisis in Hangu 2009-11, Flood 2010-11 and ICRC respons | ||
| 942 |
_2ddc _cBK |
||
| 999 |
_c16090 _d16090 |
||